| 000 | 00735nam a22002897a 4500 | ||
|---|---|---|---|
| 005 | 20240717145008.0 | ||
| 008 | 160120b2006 cr ||||| |||| 00| 0 spa d | ||
| 020 | _a9968927171 | ||
| 041 | _aESP | ||
| 041 | _aING | ||
| 082 | _a583.95 K92g | ||
| 100 |
_aKriebel Haehner, Ricardo _91713 |
||
| 245 | _aGesneriáceas de Costa Rica = Gesneriads of Costa Rica | ||
| 260 | _aCosta Rica | ||
| 260 | _bINBio | ||
| 260 | _c2006 | ||
| 300 | _a372 páginas | ||
| 505 | _aIncluye fotografías | ||
| 650 | _aTAXONOMÍA VEGETAL | ||
| 650 | _aGESNERIÁCEAS | ||
| 650 | _aHISTORIA TROPICAL | ||
| 650 | _aTRÓPICOS HÚMEDOS | ||
| 650 | _aUSOS MEDICINALES | ||
| 650 | _aMORFOLOGÍA VEGETAL | ||
| 942 |
_cBK _2ddc |
||
| 999 |
_c7442 _d7442 |
||